| 000 | 00668nam a2200253Ia 4500 | ||
|---|---|---|---|
| 008 | 170203s9999 xx 000 0 und d | ||
| 020 | _a0-375800026 | ||
| 050 | _aFic | ||
| 050 | _bT458s | ||
| 100 | _aThomas, Jim K. | ||
| 245 | _aDangers of the core / | ||
| 245 | _cby Jim Thomas ; illustrated by Boris Vallejo. | ||
| 260 | _aNew York : | ||
| 260 | _bRandom House, | ||
| 260 | _c©1999. | ||
| 300 | _a47 pages : | ||
| 300 | _bcolor illustrations ; | ||
| 300 | _c23 cm. | ||
| 440 | _aJedi readers., | ||
| 440 | _vStep 3 book. | ||
| 500 | _a"Collectible sticker inside"--Cover. | ||
| 650 | _aScience fiction -- | ||
| 650 | _xJuvenile fiction. | ||
| 999 |
_c306495 _d306495 |
||